000 00658nam a2200229Ia 4500
003 GCL
008 140319s9999 xx 000 0 eng d
040 _aGCL /
_cGCL
082 0 4 _a194
_bD M
100 1 _aDESCARTES, RENE
245 1 0 _aMEDITAIONS METAPHYSQUES OBJECTIONS ET REPONSES SURVIVES DE QUATRE LETTRES /
_cDESCARTES, RENE
700 1 _aBEYSSADE, JEAN - MARIE
700 1 _aBEYSSADE, MICHELLE
260 _a[S.N] :
_bGF - FLAMMARION ،
_c1992
300 _a574 P
650 0 4 _aMETHODOLOGY
650 0 4 _aPHILOSOPHY
650 0 4 _aDESCARTES, RENE(1596 - 1650)
650 0 4 _aKNOWLEDGE THEORY
650 0 4 _aFRENCH PHILOSOPHY
942 _2ddc
_cBK
999 _c16211
_d16211